[Event "NÖ– Landesliga 2016/2017"]
[Site "?"]
[Date "2016.10.23"]
[Round "2.3"]
[White "Popelka, Oldrich"]
[Black "Rechberger, Franz"]
[Result "0-1"]
[WhiteElo "2119"]
[BlackElo "1998"]
[PlyCount "136"]
[EventDate "2016.10.02"]

1. c4 c5 2. Nf3 Nf6 3. d4 cxd4 4. Nxd4 g6 5. Nc3 Bg7 6. e4 d6 7. Be2 O-O 8. O-O
Nc6 9. Be3 Ne5 10. h3 a6 11. Rc1 Bd7 12. f4 Nc6 13. Bf3 Rc8 14. Qe2 Nxe4 15.
Bxe4 Nxd4 16. Qf2 Nc6 17. Rfd1 Qa5 18. a3 Be6 19. Nd5 Bxd5 20. Bxd5 Qa4 21. c5
Rfd8 22. cxd6 Rxd6 23. Bc5 Rdd8 24. b3 Qa5 25. Bb6 Bd4 26. Bxa5 Bxf2+ 27. Kxf2
Nxa5 28. Rxc8 Rxc8 29. b4 Rc2+ 30. Ke3 Nc6 31. Kd3 Rf2 32. Rc1 Rb2 33. Kc3 Rf2
34. Bf3 f6 35. Rd1 e5 36. fxe5 fxe5 37. Rd7 Nd4 38. Bd5+ Kh8 39. Rxb7 Nb5+ 40.
Kb3 Rf6 41. a4 Nd4+ 42. Kc4 Rf4 43. Kc5 Nc2 44. Bc4 Rf6 45. Re7 Rf5 46. Bxa6
e4+ 47. Kc4 Ne3+ 48. Kd4 Nd5 49. Re8+ Kg7 50. b5 e3 51. Bb7 Kf7 52. Re4 Nb6 53.
a5 Nd7 54. Bd5+ Rxd5+ 55. Kxd5 Nf6+ 56. Kd4 Nxe4 57. Kxe3 Nd6 58. Kf4 Nxb5 59.
Ke5 Ke7 60. a6 Nc7 61. h4 Nxa6 62. Kf4 Kf6 63. g4 h6 64. Ke4 g5 65. hxg5+ hxg5
66. Kf3 Ke5 67. Ke3 Kd5 68. Kf3 Kd4 0-1

[Event "NÖ– Landesliga 2016/2017"]
[Site "?"]
[Date "2016.10.23"]
[Round "2.4"]
[White "Gasa, Andrej"]
[Black "Jankovic, Alojzije"]
[Result "0-1"]
[WhiteElo "2299"]
[BlackElo "2570"]
[PlyCount "60"]
[EventDate "2016.10.02"]

1. Nf3 Nf6 2. d4 g6 3. c4 d6 4. Nc3 Bf5 5. Qb3 b6 6. g3 Bg7 7. Bg2 Nc6 8. O-O
O-O 9. Qa4 Qe8 10. Qd1 e5 11. Nb5 Rc8 12. dxe5 dxe5 13. Nh4 Bd7 14. e4 Bg4 15.
f3 Be6 16. b3 Nd7 17. Ba3 Nc5 18. Nc3 a5 19. Nd5 Qd8 20. Qd2 Nd4 21. Bxc5 bxc5
22. Qxa5 Qd6 23. Rad1 c6 24. Ne3 Ra8 25. Qd2 Bh6 26. Rfe1 Rfd8 27. Kh1 g5 28.
Nf1 Qf8 29. Nf5 Nxf5 30. exf5 Rxd2 0-1

[Event "NÖ– Landesliga 2016/2017"]
[Site "?"]
[Date "2016.10.23"]
[Round "2.4"]
[White "Vrana, Frantisek"]
[Black "Herndlbauer, Martin"]
[Result "1-0"]
[WhiteElo "2223"]
[BlackElo "2079"]
[PlyCount "85"]
[EventDate "2016.10.02"]

1. d4 d5 2. Nf3 Nf6 3. Bf4 c5 4. c3 Qb6 5. Qb3 Nc6 6. e3 c4 7. Qc2 Bf5 8. Qc1
h6 9. h3 e6 10. Nbd2 Rc8 11. Be2 Be7 12. O-O O-O 13. Bd1 Qa5 14. Bc2 b5 15. a3
Qb6 16. Re1 Qb7 17. Qb1 Bxc2 18. Qxc2 a5 19. e4 dxe4 20. Nxe4 Nd5 21. Bd6 Rfd8
22. Nc5 Qb6 23. Bxe7 Ncxe7 24. Ne5 Nf4 25. Qe4 Ned5 26. Kh2 Rxc5 27. dxc5 Qxc5
28. Qd4 Qc7 29. g3 Nh5 30. Rad1 Nhf6 31. a4 Rb8 32. axb5 Rxb5 33. Nxc4 Nd7 34.
Rd2 Nc5 35. Qe5 Qc6 36. Qd6 Qb7 37. Qd8+ Kh7 38. Nd6 Qc6 39. Nxf7 Nd7 40. c4
Nf4 41. gxf4 Qf3 42. Qxd7 Rh5 43. Qd3+ 1-0

[Event "NÖ– Landesliga 2016/2017"]
[Site "?"]
[Date "2016.10.23"]
[Round "2.4"]
[White "Hofegger, Jakob"]
[Black "Hajek, Oskar"]
[Result "1-0"]
[WhiteElo "2044"]
[BlackElo "2120"]
[Annotator "s,p"]
[PlyCount "77"]
[EventDate "2016.10.02"]

1. Nf3 {0} e6 2. g3 d5 3. Bg2 c5 4. O-O Nf6 5. d3 Nc6 6. Nbd2 Be7 7. e4 O-O 8.
Re1 b6 9. e5 Nd7 10. Nf1 Ba6 11. h4 Rc8 12. Bf4 d4 13. N1d2 c4 14. Nxc4 Bxc4
15. dxc4 Nc5 16. b3 Qd7 17. Bf1 Rfd8 18. Bd3 Nxd3 19. cxd3 b5 20. h5 bxc4 21.
bxc4 Rb8 22. h6 g6 23. Bg5 Rb2 24. Rb1 Rxa2 25. Re2 Ra3 26. Bxe7 Qxe7 27. Reb2
a5 28. Rb7 Rd7 29. Rxd7 Qxd7 30. Rb5 Qd8 31. Qd2 a4 32. Qf4 Rxd3 33. Ng5 Qe7
34. Rb6 Rd1+ 35. Kg2 a3 36. Rxc6 Qb7 37. Qf3 f5 38. exf6 Rd3 39. f7+ 1-0

[Event "NÖ– Landesliga"]
[Site "?"]
[Date "2016.10.23"]
[Round "2.5"]
[White "Polak, Tomas"]
[Black "Kleiser, Gregor"]
[Result "1-0"]
[WhiteElo "2494"]
[BlackElo "2232"]
[PlyCount "75"]
[EventDate "2016.??.??"]

1. d4 Nf6 2. c4 g6 3. Nc3 d5 4. cxd5 Nxd5 5. e4 Nxc3 6. bxc3 c5 7. Nf3 Bg7 8.
Rb1 O-O 9. Be2 cxd4 10. cxd4 Qa5+ 11. Bd2 Qxa2 12. O-O Bg4 13. Bg5 h6 14. Be3
Nc6 15. Rxb7 Rfd8 16. d5 Bxf3 17. Bxf3 e6 18. d6 Bf8 19. d7 Ne5 20. Qd4 Bg7 21.
Qd6 Nc4 22. Qc5 Bf8 23. Qc6 Nxe3 24. fxe3 Qd2 25. Rd1 Qxe3+ 26. Kh1 e5 27. Rb5
Bg7 28. Qd5 Bf6 29. Rb3 Qf2 30. Bg4 Qh4 31. Rf3 Rab8 32. Be6 Rf8 33. g3 Qh5 34.
Rxf6 fxe6 35. Qxe6+ Kh8 36. Rdf1 Rg8 37. Rf7 Rb6 38. Qe7 1-0

[Event "NÖ– Landesliga"]
[Site "?"]
[Date "2016.10.23"]
[Round "2.5"]
[White "Wöber, Friedrich DI"]
[Black "Grötz, Harald Mag."]
[Result "0-1"]
[WhiteElo "2123"]
[BlackElo "2259"]
[PlyCount "62"]
[EventDate "2016.??.??"]

1. e4 c5 2. c3 Nf6 3. e5 Nd5 4. d4 cxd4 5. Nf3 e6 6. cxd4 d6 7. Bc4 Nb6 8. Bd3
Nc6 9. Nc3 dxe5 10. dxe5 Nb4 11. Be4 Qxd1+ 12. Kxd1 Be7 13. Ke2 O-O 14. Rd1 Nc6
15. Bf4 Nd7 16. Rac1 Nc5 17. Bb1 b6 18. Ne4 Ba6+ 19. Ke1 Nb4 20. Nxc5 Bxc5 21.
Ng5 Nd5 22. Bd2 h6 23. Nf3 Rfd8 24. a3 g5 25. h4 g4 26. Nh2 Bd4 27. Bg5 hxg5
28. Rxd4 Nf4 29. Rxd8+ Rxd8 30. Be4 Rd4 31. f3 g3 0-1

[Event "NÖ Landesliga 2016/17"]
[Site "?"]
[Date "2016.10.23"]
[Round "2.5"]
[White "Amberger, Dieter"]
[Black "Winiwarter, Felix"]
[Result "1-0"]
[WhiteElo "2055"]
[BlackElo "2063"]
[PlyCount "51"]
[EventDate "2016.??.??"]
[SourceDate "2016.10.23"]

1. d4 Nf6 2. c4 c5 3. d5 e6 4. Nc3 exd5 5. cxd5 d6 6. e4 g6 7. h3 Bg7 8. Nf3
O-O 9. Bd3 a6 10. a4 Nbd7 11. O-O Re8 12. Re1 Qc7 13. Bf4 Ne5 14. Nxe5 dxe5 15.
Be3 b6 16. Rc1 Qd6 17. Nb1 Nd7 18. Nd2 Bb7 19. b4 Rac8 20. Nc4 Qb8 21. bxc5
bxc5 22. Rb1 Bf8 23. Na5 Rc7 24. d6 Bxd6 25. Bxa6 Re6 26. Nxb7 1-0

[Event "NÖ– Landesliga"]
[Site "?"]
[Date "2016.10.23"]
[Round "2.5"]
[White "Schmidt, Karl"]
[Black "Schmid, Thomas DI Dr"]
[Result "0-1"]
[WhiteElo "1991"]
[BlackElo "2080"]
[PlyCount "112"]
[EventDate "2016.??.??"]

1. Nf3 Nf6 2. c4 g6 3. Nc3 Bg7 4. d4 O-O 5. g3 d6 6. Bg2 Nbd7 7. O-O e5 8. dxe5
dxe5 9. Bg5 h6 10. Bxf6 Qxf6 11. Nd5 Qd8 12. e4 c6 13. Nc3 Qe7 14. Nd2 Nc5 15.
Qe2 Ne6 16. Nb3 a5 17. a4 Qb4 18. Ra3 Rd8 19. Na2 Qb6 20. Nac1 Bf8 21. Ra1 Qb4
22. Qc2 Nd4 23. Nxd4 Rxd4 24. Nd3 Qxc4 25. Qxc4 Rxc4 26. Nxe5 Rb4 27. Nd3 Rb3
28. Rfd1 Bg4 29. f3 Be6 30. Bf1 Re8 31. Rd2 Rd8 32. Rad1 Bb4 33. Rc2 c5 34. Kg2
Kg7 35. Nf2 Rc8 36. Rd3 Be1 37. Nd1 Rxd3 38. Bxd3 Bb3 39. Re2 Bxd1 40. Rxe1
Bxa4 41. Bc4 Rd8 42. Bd5 b6 43. b3 Bb5 44. Ra1 Rd6 45. Kf2 Bc6 46. Rd1 Kf6 47.
f4 Ke7 48. Ke3 Bxd5 49. exd5 f5 50. Rd3 Rd7 51. Kd2 Kd6 52. Kc3 b5 53. Rd2 Ra7
54. h4 h5 55. Rd1 Re7 56. Rd3 Re2 0-1

[Event "NÖ– Landesliga 2016/2017"]
[Site "?"]
[Date "2016.11.27"]
[Round "3.1"]
[White "Kleiser, Gregor"]
[Black "Hofmann, Thomas"]
[Result "0-1"]
[WhiteElo "2252"]
[BlackElo "2260"]
[PlyCount "102"]
[EventDate "2016.10.02"]
[SourceDate "2016.10.23"]

1. d4 Nf6 2. c4 e6 3. Nf3 d5 4. g3 dxc4 5. Bg2 Bd7 6. Ne5 Bc6 7. Bxc6+ Nxc6 8.
Nxc6 bxc6 9. O-O c5 10. dxc5 Qxd1 11. Rxd1 Bxc5 12. Nc3 Ke7 13. Bg5 Rhd8 14.
Na4 Bd4 15. Rac1 Rab8 16. e3 Bxb2 17. Rxd8 Kxd8 18. Rb1 c3 19. Nxc3 Kc8 20.
Bxf6 gxf6 21. Ne4 f5 22. Ng5 c5 23. Nxf7 Kc7 24. Kf1 c4 25. Ng5 Kd6 26. Nf3 e5
27. Ke2 a5 28. Kd1 a4 29. Kc2 a3 30. Rd1+ Kc6 31. Ng5 h5 32. h4 f4 33. Ne4 fxe3
34. fxe3 Rg8 35. Rd6+ Kb5 36. Rh6 Rg4 37. Nd6+ Kc5 38. Nf5 Rg8 39. Rxh5 Rd8 40.
g4 Rd3 41. g5 Rc3+ 42. Kd2 Rc1 43. Rh8 c3+ 44. Kd3 Rd1+ 45. Kc2 Rd2+ 46. Kb3 c2
47. Rc8+ Kb5 48. g6 c1=Q 49. Rxc1 Bxc1 50. h5 Rb2+ 51. Kc3 Rxa2 0-1

[Event "NÖ– Landesliga 2016/2017"]
[Site "?"]
[Date "2016.11.27"]
[Round "3.1"]
[White "Gasa, Andrej"]
[Black "Woeber, Friedrich"]
[Result "1/2-1/2"]
[WhiteElo "2284"]
[BlackElo "2116"]
[PlyCount "71"]
[EventDate "2016.10.02"]
[SourceDate "2016.10.23"]

1. e4 e5 2. Nf3 Nc6 3. Bb5 f5 4. Nc3 fxe4 5. Nxe4 Nf6 6. Qe2 d5 7. Nxf6+ gxf6
8. Nd4 Qd6 9. Qh5+ Kd8 10. Nxc6+ bxc6 11. Be2 Qe6 12. d3 Rb8 13. O-O Rg8 14. b3
Qh3 15. Qxh3 Bxh3 16. Bf3 h5 17. Rd1 Bg4 18. Bxg4 hxg4 19. g3 Kd7 20. Kg2 Rh8
21. Rh1 Bc5 22. Be3 Bxe3 23. fxe3 Ke6 24. h4 gxh3+ 25. Rxh3 Rxh3 26. Kxh3 a5
27. Kg2 a4 28. Kf3 c5 29. Rh1 axb3 30. cxb3 Ra8 31. Rh2 c4 32. bxc4 dxc4 33.
dxc4 Ra5 34. Rc2 c5 35. g4 f5 36. Kg3 1/2-1/2

[Event "NÖ– Landesliga 2016/2017"]
[Site "?"]
[Date "2016.11.27"]
[Round "3.1"]
[White "Winiwarter, Felix"]
[Black "Vrana, Frantisek"]
[Result "0-1"]
[WhiteElo "2101"]
[BlackElo "2200"]
[PlyCount "78"]
[EventDate "2016.10.02"]
[SourceDate "2016.10.23"]

1. e4 e6 2. d4 d5 3. e5 c5 4. c3 Nc6 5. Nf3 Qb6 6. a3 c4 7. Be2 Na5 8. Nbd2 Bd7
9. O-O Rc8 10. Ng5 h6 11. Nh3 Ne7 12. f4 Nf5 13. Nf3 h5 14. Qe1 Ba4 15. Qf2 Be7
16. Bd2 Bc2 17. Rae1 Qxb2 18. Bc1 Qb3 19. Nhg5 Nc6 20. Bd2 Nd8 21. Nh4 g6 22.
Nxf5 Bxf5 23. h3 h4 24. Bg4 Bd3 25. Be2 Qc2 26. Bxd3 Qxd3 27. Re3 Qf5 28. g4
hxg3 29. Rxg3 Rc6 30. Qg2 Rb6 31. Be1 Bxa3 32. Rg4 Rb2 33. Rf2 Qb1 34. Qf1 Rb3
35. Re2 a5 36. Kh2 a4 37. Rg3 Be7 38. f5 gxf5 39. Qg2 a3 0-1

[Event "NÖ– Landesliga 2016/2017"]
[Site "?"]
[Date "2016.11.27"]
[Round "3.1"]
[White "Hajek, Oskar"]
[Black "Schmidt, Karl"]
[Result "1-0"]
[WhiteElo "2133"]
[BlackElo "2018"]
[PlyCount "81"]
[EventDate "2016.10.02"]
[SourceDate "2016.10.23"]

1. e4 c5 2. Nf3 Nc6 3. Bb5 g6 4. Bxc6 bxc6 5. O-O Bg7 6. Re1 Nf6 7. e5 Nd5 8.
c4 Nc7 9. d4 cxd4 10. Qxd4 Ne6 11. Qh4 O-O 12. Nc3 Rb8 13. b3 Re8 14. Bh6 d5
15. cxd5 cxd5 16. Rad1 Bb7 17. Bxg7 Kxg7 18. Nd4 Nxd4 19. Qxd4 e6 20. Qxa7 Re7
21. Qe3 Qa5 22. Qg5 Rc7 23. Ne2 Ba6 24. Nf4 h6 25. Qf6+ Kh7 26. h4 Rg8 27. a4
d4 28. Re4 d3 29. Nh3 Qd5 30. Rf4 Qxb3 31. Rd2 Rg7 32. Qd8 Rc4 33. Rf3 Qb1+ 34.
Kh2 Qb4 35. Rdxd3 Qe1 36. Rde3 Qb4 37. Rb3 Qxa4 38. Rb8 g5 39. Qh8+ Kg6 40. h5+
Kxh5 41. Qxg7 1-0

[Event "NÖ– Landesliga 2016/2017"]
[Site "?"]
[Date "2016.11.27"]
[Round "3.2"]
[White "Lendwai, Reinhard"]
[Black "SandhÃ¶fner, Florian"]
[Result "1/2-1/2"]
[WhiteElo "2383"]
[BlackElo "2251"]
[PlyCount "46"]
[EventDate "2016.10.02"]
[SourceDate "2016.10.23"]

1. e4 c5 2. Nf3 d6 3. Bb5+ Bd7 4. Bxd7+ Qxd7 5. c4 e5 6. Nc3 Nc6 7. d3 g6 8. h4
h6 9. h5 g5 10. Nh2 Nd4 11. g4 Ne7 12. Nf1 Nec6 13. Nd5 Be7 14. Ng3 O-O 15. Be3
Rfb8 16. Bxd4 Nxd4 17. O-O b5 18. b3 Rb7 19. Nf5 Nxf5 20. exf5 f6 21. Qf3 Rab8
22. Nc3 a6 23. Rfe1 Kg7 1/2-1/2

[Event "NÖ– Landesliga 2016/2017"]
[Site "?"]
[Date "2016.11.27"]
[Round "3.2"]
[White "Rumpl, Erwin"]
[Black "Rudolf, Herbert"]
[Result "1/2-1/2"]
[WhiteElo "2318"]
[BlackElo "2110"]
[PlyCount "132"]
[EventDate "2016.10.02"]
[SourceDate "2016.10.23"]

1. Nf3 Nf6 2. b3 d6 3. d4 g6 4. Bb2 Bg7 5. g3 O-O 6. Bg2 Nbd7 7. O-O e5 8. dxe5
Ng4 9. Nc3 Ngxe5 10. Nxe5 Nxe5 11. Qc1 c6 12. e4 Be6 13. h3 f5 14. f4 Nf7 15.
exf5 gxf5 16. Ne2 Nh6 17. Re1 Bxb2 18. Qxb2 Qf6 19. Qxf6 Rxf6 20. Rad1 Bd7 21.
Nd4 Re8 22. Rxe8+ Bxe8 23. Kf2 Kf8 24. Re1 Bd7 25. Bf1 Ng8 26. Bd3 Ne7 27. Nf3
h6 28. Bc4 b5 29. Bd3 a5 30. c4 b4 31. Ra1 c5 32. a3 Nc6 33. axb4 axb4 34. Bc2
Ke7 35. Bd1 Rf8 36. Ra2 Rc8 37. Ng1 Rg8 38. Ne2 Kf6 39. Ra6 Rc8 40. Nc1 Ke7 41.
Nd3 Rc7 42. g4 fxg4 43. hxg4 Ra7 44. Rxa7 Nxa7 45. Kg3 Nc6 46. Kh4 Kf6 47. Kh5
Kg7 48. Nf2 Nd8 49. Ne4 Be8+ 50. Kh4 Nf7 51. Ng3 Bd7 52. Bf3 Nh8 53. Be4 Ng6+
54. Bxg6 Kxg6 55. Ne4 Bc6 56. Nxd6 Bf3 57. f5+ Kg7 58. Kh5 Bd1 59. f6+ Kxf6 60.
Ne4+ Ke5 61. Nxc5 Kd4 62. Na6 Bxb3 63. Nxb4 Kxc4 64. Nc6 Bd1 65. Ne5+ Kd5 66.
Nf7 Bxg4+ 1/2-1/2

[Event "NÖ– Landesliga 2016/2017"]
[Site "?"]
[Date "2016.11.27"]
[Round "3.2"]
[White "Juenger, Heinz"]
[Black "Wadsack, Wolfgang"]
[Result "1-0"]
[WhiteElo "2110"]
[BlackElo "2163"]
[PlyCount "113"]
[EventDate "2016.10.02"]
[SourceDate "2016.10.23"]

1. d4 d5 2. c4 dxc4 3. e4 c5 4. d5 e6 5. Bxc4 Nf6 6. Nc3 exd5 7. Nxd5 Nxd5 8.
Bxd5 Be7 9. Ne2 O-O 10. O-O Na6 11. Bf4 Nc7 12. Nc3 Be6 13. Bxb7 Rb8 14. Qxd8
Bxd8 15. Bc6 Rb6 16. Ba4 Na6 17. Rfd1 Bc7 18. Bxc7 Nxc7 19. b3 c4 20. Nd5 Bxd5
21. exd5 cxb3 22. Bxb3 Rd8 23. Rac1 Ne8 24. Kf1 Kf8 25. Re1 Rbd6 26. Re4 Nf6
27. Ra4 R8d7 28. Rc8+ Ke7 29. Ra8 Nxd5 30. R4xa7 Nf4 31. Rxd7+ Rxd7 32. Ra5 Rc7
33. Re5+ Kd6 34. Re1 Ra7 35. Re4 g5 36. g3 Ng6 37. Ke2 h6 38. h3 Ne5 39. f4 Nc6
40. Kf3 Kc5 41. fxg5 hxg5 42. Kg4 f6 43. Kf5 Rh7 44. Kxf6 Rxh3 45. Rg4 Nd4 46.
Rxg5+ Kb4 47. Bf7 Ne2 48. g4 Nc3 49. Rh5 Rf3+ 50. Rf5 Rd3 51. Rf4+ Kc5 52. g5
Rd6+ 53. Ke5 Rd3 54. Rc4+ Kb5 55. Rxc3 Rxc3 56. g6 Rg3 57. Kf6 1-0

[Event "NÖ– Landesliga 2016/2017"]
[Site "?"]
[Date "2016.11.27"]
[Round "3.2"]
[White "Wadsack, Winfried"]
[Black "Hofegger, Jakob"]
[Result "1/2-1/2"]
[WhiteElo "2158"]
[BlackElo "2069"]
[PlyCount "90"]
[EventDate "2016.10.02"]
[SourceDate "2016.10.23"]

1. e4 e6 2. d4 d5 3. Nc3 Nf6 4. Bg5 Be7 5. e5 Nfd7 6. Bxe7 Qxe7 7. f4 b6 8. Nf3
a6 9. Bd3 c5 10. b3 Nc6 11. Ne2 Nb4 12. c3 Nxd3+ 13. Qxd3 O-O 14. O-O a5 15.
Ng5 f5 16. exf6 Nxf6 17. c4 Rd8 18. Qe3 h6 19. Nf3 Bb7 20. Ne5 Rac8 21. Rac1
cxd4 22. Nxd4 Qc5 23. cxd5 Qxd5 24. Nef3 Ne4 25. Rxc8 Rxc8 26. Rc1 Rc5 27. a3
Kh7 28. h3 b5 29. b4 axb4 30. Rxc5 Qxc5 31. axb4 Qxb4 32. Nxe6 Qc3 33. Qb6 Qc1+
34. Kh2 Qc6 35. Nf8+ Kg8 36. Qd8 Qc8 37. Qe7 Qxf8 38. Qxb7 Qxf4+ 39. Kg1 Qf5
40. Qe7 Qc5+ 41. Qxc5 Nxc5 42. Kf2 Kf7 43. Ke3 Ke7 44. Nd4 b4 45. Nc6+ Kd6
1/2-1/2

[Event "NÖ– Landesliga 2016/2017"]
[Site "?"]
[Date "2016.11.27"]
[Round "3.3"]
[White "Khalakhan, Jurij"]
[Black "Heimberger, Reinhard"]
[Result "0-1"]
[WhiteElo "2197"]
[BlackElo "2262"]
[PlyCount "40"]
[EventDate "2016.10.02"]
[SourceDate "2016.10.23"]

1. e4 c5 2. Nf3 d6 3. d4 cxd4 4. Nxd4 Nf6 5. Nc3 a6 6. Bc4 b5 7. Bb3 Bb7 8. Qe2
e6 9. a3 Nbd7 10. Ba2 Rc8 11. O-O Ne5 12. Kh1 Qb6 13. f4 Neg4 14. Nxe6 fxe6 15.
Bxe6 Rxc3 16. bxc3 h5 17. Bf5 Qc6 18. Bg6+ Kd8 19. Re1 Nxe4 20. Be3 Nef2+ 0-1

[Event "NÖ– Landesliga 2016/2017"]
[Site "?"]
[Date "2016.11.27"]
[Round "3.3"]
[White "Lovrinovic, Christian"]
[Black "Bauer, Thomas"]
[Result "0-1"]
[WhiteElo "2157"]
[BlackElo "2102"]
[PlyCount "85"]
[EventDate "2016.10.02"]
[SourceDate "2016.10.23"]

1. d4 Nf6 2. c4 c5 3. d5 e6 4. Nc3 exd5 5. cxd5 d6 6. e4 g6 7. f4 Bg7 8. Bb5+
Nfd7 9. Nf3 O-O 10. a4 Na6 11. O-O Nb4 12. Re1 a6 13. Bf1 Re8 14. h3 f5 15. e5
dxe5 16. d6 e4 17. Qb3+ Kh8 18. Ng5 Bd4+ 19. Be3 Qf6 20. Rad1 Bxe3+ 21. Rxe3 b6
22. Bc4 Rb8 23. Ngxe4 fxe4 24. Nxe4 Qf8 25. Qc3+ Qg7 26. Ng5 Rxe3 27. Nf7+ Kg8
28. Qxe3 b5 29. Be6 Kf8 30. Bb3 c4 31. Ng5 Nf6 32. d7 Bxd7 33. Qd4 Nc6 34. Qd6+
Qe7 35. axb5 Qxd6 36. Rxd6 Ke7 37. Rd2 cxb3 38. bxc6 Bxc6 39. Re2+ Kd7 40. Nf7
Bd5 41. Rd2 Ke6 42. Ng5+ Kd6 43. g4 0-1

[Event "NÖ– Landesliga 2016/2017"]
[Site "?"]
[Date "2016.11.27"]
[Round "3.3"]
[White "Plasil, Jiri"]
[Black "Hellmayr, Alois"]
[Result "1/2-1/2"]
[WhiteElo "2065"]
[BlackElo "2252"]
[Annotator "Grasmuk,Herbert"]
[PlyCount "180"]
[EventDate "2016.10.02"]
[SourceDate "2016.10.23"]

1. d4 Nf6 2. c4 e6 3. Nf3 a6 4. e3 c5 5. Nc3 d5 6. cxd5 exd5 7. dxc5 Bxc5 8.
Be2 Nc6 9. O-O O-O 10. Nd4 Be6 11. Nxc6 bxc6 12. Qa4 Qb6 13. Qh4 Be7 14. f3
Rfe8 15. Qf2 c5 16. b3 Rac8 17. Na4 Qb7 18. Bd2 Bd7 19. Nc3 Be6 20. Kh1 Red8
21. Rfd1 d4 22. Na4 d3 23. Bf1 c4 24. bxc4 Rxc4 25. Rab1 Qc7 26. Nb2 Rc2 27.
Qe1 Rb8 28. Nxd3 Rxb1 29. Rxb1 Rxa2 30. Nb4 Bxb4 31. Rxb4 h6 32. e4 a5 33. Rb1
Qc2 34. Bc3 a4 35. Bxf6 gxf6 36. Rc1 Qf2 37. Qxf2 Rxf2 38. Kg1 Rb2 39. Ra1 Ra2
40. Rc1 a3 41. Bd3 Rb2 42. Bb1 a2 43. Bxa2 Rxa2 44. h3 Kg7 45. Kh2 f5 46. exf5
Bxf5 47. Kg3 Bc2 48. Re1 Kg6 49. Kf4 Ra4+ 50. Kg3 h5 51. h4 Bf5 52. Re8 Kf6 53.
Rh8 Bg6 54. Re8 Ra5 55. Rb8 Bf5 56. Kf4 Be6 57. Rh8 Rc5 58. Rb8 Rc4+ 59. Kg3
Kg7 60. Rb1 f5 61. Rb3 Rd4 62. Rb5 Kf6 63. Rb7 f4+ 64. Kh2 Rd2 65. Ra7 Bc4 66.
Ra5 Bd5 67. Kg1 Ke5 68. Ra7 Kf6 69. Ra4 Kf5 70. Ra7 Rd4 71. Rg7 Kf6 72. Rg5 Bf7
73. Ra5 Rd5 74. Ra4 Ke5 75. Ra7 Bg6 76. Ra4 Bd3 77. Kf2 Rc5 78. Kg1 Bf5 79. Ra8
Be6 80. Ra4 Bd5 81. Kf2 Rc4 82. Ra7 Rc2+ 83. Kg1 Kf6 84. Ra5 Rd2 85. Ra4 Ke5
86. Ra7 Kf5 87. Rh7 Kg6 88. Ra7 Rd4 89. Kf2 Rd2+ 90. Kg1 Ra2 {Rest nicht
leserlich; Remis nach 120 ZÃ¼gen} 1/2-1/2

[Event "NÖ– Landesliga 2016/2017"]
[Site "?"]
[Date "2016.11.27"]
[Round "3.3"]
[White "Strobel, Ferdinand"]
[Black "Popelka, Oldrich"]
[Result "1-0"]
[WhiteElo "2037"]
[BlackElo "2171"]
[PlyCount "71"]
[EventDate "2016.10.02"]
[SourceDate "2016.10.23"]

1. f4 d5 2. Nf3 Nf6 3. e3 e6 4. d4 Be7 5. Bd3 b6 6. Qe2 Bb7 7. O-O O-O 8. b3 c5
9. Ne5 Nc6 10. Nxc6 Bxc6 11. Bb2 Rc8 12. Ba6 Rc7 13. Nd2 Qa8 14. dxc5 bxc5 15.
Rad1 Rd8 16. f5 exf5 17. Rxf5 Bd7 18. Rff1 Bg4 19. Nf3 Rc6 20. Bd3 Qc8 21. c4
dxc4 22. Bxc4 Ne4 23. Bxf7+ Kh8 24. Bd5 Rxd5 25. Rxd5 c4 26. bxc4 Be6 27. Qd3
Bxd5 28. cxd5 Nc5 29. Qc4 Rc7 30. Ne5 Nb7 31. Nc6 Bd6 32. Qd4 Qe8 33. h3 Qh5
34. Rf3 Nc5 35. Ba3 Ne6 36. Bxd6 1-0

[Event "NÖ– Landesliga 2016/2017"]
[Site "?"]
[Date "2016.11.27"]
[Round "3.4"]
[White "Bernasek, Jan"]
[Black "Menezes, Christoph"]
[Result "1/2-1/2"]
[WhiteElo "2507"]
[BlackElo "2398"]
[PlyCount "81"]
[EventDate "2016.10.02"]
[SourceDate "2016.10.23"]

1. d4 Nf6 2. c4 g6 3. Nc3 d5 4. Bf4 Bg7 5. Rc1 O-O 6. e3 Be6 7. Nf3 dxc4 8. Ng5
Bd5 9. e4 h6 10. exd5 hxg5 11. Bxg5 Nxd5 12. Bxc4 Nb6 13. Bb3 Nc6 14. d5 Nd4
15. h4 Nxb3 16. Qxb3 Bxc3+ 17. Qxc3 Nxd5 18. Qb3 Qd6 19. Kf1 Nf4 20. h5 gxh5
21. Bxf4 Qxf4 22. Rc4 Qf5 23. g4 Qf6 24. Rxh5 Rfd8 25. Rcc5 e6 26. Qb4 Rd6 27.
Rxc7 Rad8 28. Rcc5 Qf3 29. Rcg5+ Kf8 30. Rh8+ Ke7 31. Rxd8 Qh1+ 32. Ke2 Qd1+
33. Ke3 Qd3+ 34. Kf4 Kxd8 35. Rg8+ Kc7 36. Qa5+ Rb6 37. Qc5+ Rc6 38. Qa5+ Rb6
39. Qc5+ Rc6 40. Qa5+ Rb6 41. Qc5+ 1/2-1/2

[Event "NÖ– Landesliga 2016/2017"]
[Site "?"]
[Date "2016.11.27"]
[Round "3.4"]
[White "Mostbauer, Florian"]
[Black "Blatny, Pavel"]
[Result "1-0"]
[WhiteElo "2238"]
[BlackElo "2389"]
[PlyCount "81"]
[EventDate "2016.10.02"]
[SourceDate "2016.10.23"]

1. d4 b6 2. Bf4 Bb7 3. e3 d6 4. Nf3 Nd7 5. Be2 g6 6. O-O Bg7 7. h3 h6 8. Bh2 a6
9. c4 e6 10. Nc3 Ne7 11. a4 g5 12. Nd2 d5 13. Rc1 Rc8 14. cxd5 exd5 15. b4 O-O
16. b5 a5 17. Bd3 f5 18. f4 Qe8 19. Qb3 Kh8 20. fxg5 hxg5 21. Nf3 Qh5 22. Ne2
g4 23. Nd2 gxh3 24. Rf3 hxg2 25. Nf4 Qf7 26. Rh3+ Kg8 27. Nf3 Ng6 28. Rc2 Nxf4
29. Bxf4 c5 30. Rxg2 c4 31. Qd1 cxd3 32. Bh6 Rc2 33. Rxg7+ Qxg7+ 34. Bxg7 Rfc8
35. Qxd3 Rb2 36. Rh8+ Kxg7 37. Rxc8 Bxc8 38. Qxf5 Rb3 39. Ne5 Nxe5 40. Qxe5+
Kf7 41. Qc7+ 1-0

[Event "NÖ– Landesliga 2016/2017"]
[Site "?"]
[Date "2016.11.27"]
[Round "3.4"]
[White "Vyskocil, Neklan"]
[Black "Knoll, Hermann"]
[Result "1-0"]
[WhiteElo "2323"]
[BlackElo "2341"]
[PlyCount "61"]
[EventDate "2016.10.02"]
[SourceDate "2016.10.23"]

1. d4 Nf6 2. c4 e6 3. Nf3 b6 4. g3 Ba6 5. b3 d5 6. Bg2 dxc4 7. O-O cxb3 8. Ne5
Nd5 9. Qxb3 Be7 10. Re1 O-O 11. Bb2 Bb7 12. Nc3 c6 13. e4 Nxc3 14. Qxc3 f6 15.
Nd3 Na6 16. Qb3 c5 17. Nf4 Nc7 18. Rad1 Qc8 19. Bh3 Kh8 20. d5 Bd6 21. dxe6
Bxf4 22. gxf4 Rd8 23. Bf5 Ne8 24. Qh3 h6 25. Qh5 Qc7 26. Qg6 Kg8 27. Qh7+ Kf8
28. Qh8+ Ke7 29. Qg8 Rd6 30. e5 Rd5 31. Qf7+ 1-0

[Event "NÖ– Landesliga 2016/2017"]
[Site "?"]
[Date "2016.11.27"]
[Round "3.4"]
[White "Poell, Markus"]
[Black "Zwettler, Martin"]
[Result "1/2-1/2"]
[WhiteElo "2103"]
[BlackElo "2224"]
[PlyCount "80"]
[EventDate "2016.10.02"]
[SourceDate "2016.10.23"]

1. d4 e6 2. Bf4 Nf6 3. e3 b6 4. Nf3 Be7 5. Bd3 c5 6. c3 Ba6 7. Bxa6 Nxa6 8. Ne5
O-O 9. Nd2 Nb8 10. Qf3 d5 11. O-O Nfd7 12. Rfd1 cxd4 13. cxd4 Nxe5 14. Bxe5 Nc6
15. Bg3 Rc8 16. a3 Bd6 17. Rdc1 Qd7 18. Qe2 Rc7 19. Nb3 Rfc8 20. Qb5 Kf8 21.
Qd3 g6 22. Rc2 Bxg3 23. hxg3 h5 24. Rac1 Ne7 25. Rc3 Nf5 26. Nd2 Nd6 27. Kf1
Kg7 28. Ke2 a5 29. Kf1 Kg8 30. Ke1 Kf8 31. Kf1 Ke8 32. Ke1 Ke7 33. Kf1 a4 34.
Ke1 b5 35. Rxc7 Rxc7 36. Rxc7 Qxc7 37. Kd1 Qa5 38. Kc2 b4 39. axb4 Qxb4 40. Qc3
Qb6 1/2-1/2

[Event "NÖ– Landesliga 2016/2017"]
[Site "?"]
[Date "2016.11.27"]
[Round "3.5"]
[White "Wirius, Johannes"]
[Black "Reinwald, Patrick"]
[Result "1/2-1/2"]
[WhiteElo "2176"]
[BlackElo "2140"]
[PlyCount "46"]
[EventDate "2016.10.02"]
[SourceDate "2016.10.23"]

1. c4 Nf6 2. Nc3 e6 3. Nf3 Bb4 4. Qc2 O-O 5. e3 b6 6. a3 Bxc3 7. Qxc3 Bb7 8.
Be2 d6 9. O-O Nbd7 10. b4 Ne4 11. Qc2 f5 12. Bb2 Ng5 13. d3 Nxf3+ 14. Bxf3 Bxf3
15. gxf3 Qg5+ 16. Kh1 Qh5 17. Qe2 e5 18. Rg1 f4 19. Rg4 Nf6 20. Rg2 Ne8 21. Rg4
Nf6 22. Rg2 Ne8 23. Rg4 Nf6 1/2-1/2

[Event "NÖ– Landesliga 2016/2017"]
[Site "?"]
[Date "2016.11.27"]
[Round "3.5"]
[White "Pammer, Andreas"]
[Black "Lechner, Daniel"]
[Result "1-0"]
[WhiteElo "2101"]
[BlackElo "2220"]
[PlyCount "65"]
[EventDate "2016.10.02"]
[SourceDate "2016.10.23"]

1. c4 g6 2. Nc3 Bg7 3. d4 Nf6 4. e4 d6 5. h3 O-O 6. Bg5 c5 7. d5 a6 8. a4 e6 9.
Bd3 Re8 10. Nge2 Nbd7 11. f4 h6 12. Bh4 Qa5 13. O-O exd5 14. exd5 Nf8 15. Ng3
Qc7 16. Qd2 Bd7 17. Nge4 Nxe4 18. Nxe4 f5 19. Nf6+ Bxf6 20. Bxf6 Nh7 21. Bc3
Qd8 22. Qf2 Kf7 23. Rfe1 Nf6 24. Rxe8 Bxe8 25. Qh4 Nh5 26. Qf2 Nf6 27. Re1 Bd7
28. b4 b6 29. a5 b5 30. bxc5 dxc5 31. Qxc5 Rc8 32. Qd4 bxc4 33. Bxc4 1-0